02881nam a2200397 a 450000100100000000500170001000800410002702000150006804000250008308200210010810000460012924500920017526000340026730000270030149000720032849000320040050000550043250000730048750400320056050507780059259000630137059000260143365000250145965100560148465100580154071000510159883000780164983000380172791000380176595201370180395201370194095201370207795201250221495201310233999900130247000000046120210628225111.0081204s2005 dr a 000 0 spa  a9993462195 aDO-SdBNPbspacBNPHU a338.97293bP387p1 aPellerano Morilla, Fernando,b1950-9153010aPolítica económica :balternativas al neoliberalismo /cFernando Pellerano Morilla. aSanto Domingo :bUASD,c2005. a223 p. :bil. ;c21cm.1 aPublicaciones de la Universidad Autónoma de Santo Domingo ;v12521 aEconomía y sociedad ;v19 aIncluye datos biográficos del autor en la solapa aIncluye referencias bibliográficas y notas al pie de las páginas aBibliografía : p. 219-2240 aMitos y realidades sobre la globalización --tAjuste con estancamiento: evaluación crítica del neoliberalismo --tTeórias sobre la formación de la política económica --tEl futuro de una desilusión --t¿Qué significa "Primero la Gente" en la política económica? --tLa política económica dominicana 1982-1986: ideología y grupos de intereses --tPerspectivas del socialismo democrático en República Dominicana --tLos problemas fiscales estructurales del Estados DominicanotEl problema de la deuda externa dominicana --tDolarización financiera en la economía dominicana --tUna política económica alternativa frente al FMI (documento del Colegio Dominicano de Economistas) --tEl compromiso del economista --tBiografía general. aLa biblioteca posee 2 ejemplares autografiado por el autor aInventariado, 2018/BT 4aNeoliberalismo91531 4aRepública DominicanaxPolítica Económica9643 4aRepública DominicanaxCondiciones Económicas9281 aUniversidad Autónoma de Santo Domingo976692 0aPublicaciones de la Universidad Autónoma de Santo Domingo ;n125291533 0aEconomía y Sociedad ;n1991534 aValidado. Control de calidad. MFF 001054758DSaBNPHUbBNPHUcHDd2010-02-05iLF1l0o338.97293 P387pp461-30r2020-06-25te. 3w2020-06-25yLF1ZPréstamo en sala 001054758DSaBNPHUbBNPHUcHDd2010-02-05iLF1l0o338.97293 P387pp461-40r2020-06-25te. 4w2020-06-25yLF1ZPréstamo en sala 001054758DSaBNPHUbBNPHUcHDd2010-02-05iLF1l0o338.97293 P387pp461-50r2020-06-25te. 5w2020-06-25yLF1ZPréstamo en sala 001053718PDaBNPHUbBNPHUcHDd2009-07-27iLF1l0o338.97293 P387pp461-10r2020-06-25w2020-06-25yLF1ZNo se presta 001053718PDaBNPHUbBNPHUcHDd2009-07-27iLF1l0o338.97293 P387pp461-20r2020-06-25te. 2w2020-06-25yLF1ZNo se presta c459d459